LEADER 03664nam 2200613Ia 450 001 9910463233103321 005 20211028210822.0 010 $a0-520-95528-5 024 7 $a10.1525/9780520955288 035 $a(CKB)2670000000339976 035 $a(EBL)1138971 035 $a(OCoLC)836406360 035 $a(SSID)ssj0000856692 035 $a(PQKBManifestationID)11488973 035 $a(PQKBTitleCode)TC0000856692 035 $a(PQKBWorkID)10817966 035 $a(PQKB)10298909 035 $a(StDuBDS)EDZ0000229702 035 $a(MiAaPQ)EBC1138971 035 $a(MdBmJHUP)muse30817 035 $a(DE-B1597)520035 035 $a(DE-B1597)9780520955288 035 $a(Au-PeEL)EBL1138971 035 $a(CaPaEBR)ebr10681973 035 $a(CaONFJC)MIL475688 035 $a(EXLCZ)992670000000339976 100 $a20111102d2013 uy 0 101 0 $aeng 135 $aurnn#---|u||u 181 $ctxt 182 $cc 183 $acr 200 10$aRifle reports$b[electronic resource] $ea story of Indonesian independence /$fMary Margaret Steedly 210 $aBerkeley $cUniversity of California Press$d2013 215 $a1 online resource (417 p.) 300 $aDescription based upon print version of record. 311 0 $a0-520-27486-5 311 0 $a0-520-27487-3 320 $aIncludes bibliographical references and index. 327 $tFront matter --$tContents --$tIllustrations --$tAcknowledgments --$tTechnical Notes --$tIntroduction: The Outskirts of the Nation --$t1. The Golden Bridge --$t2. Buried Guns --$t3. Imagining Independence --$t4. Eager Girls --$t5. Sea of Fire --$t6. Letting Loose the Water Buffaloes --$t7. The Memory Artist --$tConclusion: The Sense of an Ending --$tAppendix 1: List of Informants --$tAppendix 2: Glossary and Abbreviations --$tAppendix 3: Time Line --$tNotes --$tReferences --$tIndex of Cited Informants --$tGeneral Index 330 $aOn August 17, 1945, Indonesia proclaimed its independence from Dutch colonial rule. Five years later, the Republic of Indonesia was recognized as a unified, sovereign state. The period in between was a time of aspiration, mobilization, and violence, in which nationalists fought to expel the Dutch while also trying to come to grips with the meaning of "independence." Rifle Reports is an ethnographic history of this extraordinary time as it was experienced on the outskirts of the nation among Karo Batak villagers in the rural highlands of North Sumatra. Based on extensive interviews and conversations with Karo veterans, Rifle Reports interweaves personal and family memories, songs and stories, memoirs and local histories, photographs and monuments, to trace the variously tangled and perhaps incompletely understood ways that Karo women and men contributed to the founding of the Indonesian nation. The routes they followed are divergent, difficult, sometimes wavering, and rarely obvious, but they are clearly marked with the signs of gender. This innovative historical study of nationalism and decolonization is an anthropological exploration of the gendering of wartime experience, as well as an inquiry into the work of storytelling as memory practice and ethnographic genre. 606 $aKaro-Batak (Indonesian people)$xHistory 607 $aIndonesia$xHistory$yRevolution, 1945-1949 608 $aElectronic books. 615 0$aKaro-Batak (Indonesian people)$xHistory. 676 $a959.803/5 700 $aSteedly$b Mary Margaret$f1946-$01034793 801 0$bMiAaPQ 801 1$bMiAaPQ 801 2$bMiAaPQ 906 $aBOOK 912 $a9910463233103321 996 $aRifle reports$92454133 997 $aUNINA LEADER 00489nam##22001337##450# 001 9910551602703321 010 $a9788860877888 100 $a########d########u##y0engy50####ba 105 0 $a########00### 200 1 $aA commentar Dante ci vuole un medievalista : saggi sul dantismo critico di Arturo Graf / Emanuela Bufacchi ; prefazione di Achille Tartaro. 700 $aBufacchi, Emanuela.$0595116 912 $a9910551602703321 996 $aA commentar Dante ci vuole un medievalista$91014658 997 $aUNINA